Lunes - Sweet California - Estadísticas

Estadísticas generales
  • Esta prueba ha sido intentada 130 veces
  • La puntuación promedio es 99 de 284
Estadísticas de respuestas
Letra % Correcto
a
100%
de
100%
el
100%
en
100%
la
100%
me
100%
Me
100%
las
67%
Lo
67%
lo
67%
los
67%
mi
67%
no
67%
No
67%
no,
67%
Que
67%
que
67%
qué
67%
si
67%
te
67%
67%
tu
67%
y
67%
Y
67%
yo
67%
Yo
67%
al
33%
bien
33%
calendario
33%
cómo
33%
con
33%
Jueves
33%
lunes
33%
Lunes
33%
mañana
33%
martes
33%
más
33%
miércoles
33%
para
33%
se
33%
33%
sin
33%
Sin
33%
un
33%
una
33%
vas
33%
viernes
33%
vuelve
33%
acabe
0%
amar
0%
aquí
0%
ausencia
0%
café
0%
casi
0%
castigo
0%
conmigo,
0%
contigo
0%
crece
0%
Cuento
0%
daría
0%
decida
0%
decirte
0%
decírtelo
0%
delito
0%
día
0%
diario
0%
días,
0%
digo
0%
diré
0%
domingos
0%
esa
0%
esquina,
0%
estas
0%
este
0%
estoy
0%
falta
0%
faltan
0%
fantasía
0%
fin
0%
ganas
0%
hablar
0%
haces
0%
haría,
0%
horas
0%
invito
0%
llega
0%
llegue
0%
manías
0%
matar
0%
mayor
0%
Mientras
0%
miras
0%
miro
0%
motivos
0%
noche
0%
nunca
0%
Otra
0%
otra
0%
Parece
0%
partir
0%
pasan
0%
pero
0%
Porque
0%
querer
0%
quererte
0%
quiera
0%
quieres
0%
quiero
0%
quisiera
0%
Quizás
0%
repente
0%
revés
0%
sabrás
0%
sea
0%
semana
0%
será
0%
siempre
0%
siento
0%
sobran
0%
suerte
0%
tal
0%
tanta
0%
tenga
0%
tengo
0%
testigo
0%
tienes
0%
Todas
0%
tus
0%
valor
0%
van
0%
veo
0%
ver
0%
verte
0%
vez,
0%
vez
0%
viene
0%
viviendo
0%
volverte
0%
No se encontraron pruebas coincidentes
Distribución de puntuación
Porcentaje de gente con cada puntuación
Porcentaje por número respondido
Historial de tus puntuaciones
No has intentado esta prueba.